000 00751 a2200229 4500
005 20260409123643.0
008 260409b |||||||| |||| 00| 0 eng d
020 _a9786226968010 (hbk)
037 _cTB
040 _aCRL
_cCRL
041 _2PER
_aPER
084 _aR845 164Q9
_qCRL
100 _aNasr, Sayed Hussain
_91114630
245 _aMuntakhbat falsafa dar Iran:
_baz zertasht ta Khayyam
260 _aTehran, Iran:
_bNashrfalat,
_c2019.
300 _a568p.
365 _b1500.00
_cINR
650 _aPhilosophy-Iran
_91234473
700 _aRizvi, Mehdi Ameen
_eAuthor
_91234474
942 _cTB
_2CC
_hR845 164Q9
999 _c1679017
_d1679017